World Geography True or False - Statistics

General Stats
  • This quiz has been taken 1,004 times
  • The average score is 14 of 20
Answer Stats
Question Answer % Correct
All countries in Central America border the Caribbean Sea and Pacific Ocean. False
90%
Ethiopia is landlocked. True
85%
Canada and the United States share all five Great Lakes. False
84%
Seoul is less than 100 kms (62 miles) from the Korean Demilitarized Zone (DMZ). True
84%
Lake Victoria is the largest lake in Africa and is one of the sources of the Nile River. True
82%
Lake Titicaca is on the border of Bolivia and Peru. True
80%
Eswatini (former name: Swaziland) is completely surrounded by South Africa. False
78%
Bosnia and Herzegovina is landlocked. False
76%
East Timor has a coastline on the Timor Sea. True
75%
Kiribati is the only country situated in all four hemispheres. True
75%
Russia has 11 time zones. True
70%
The intersection of the equator and prime meridian (zero degrees latitude and longitude) is located in international waters. True
67%
The northernmost continuously inhabited place in the world is in Greenland. False
66%
Abu Dhabi has the largest land area of the seven emirates that make up the United Arab Emirates. True
61%
Of all the countries in the world, Indonesia has the most islands. False
60%
Istanbul's Hagia Sophia, Blue Mosque, and Topkapi Palace are all located on the European side of the city. True
60%
Estonia has the smallest area of all former Soviet republics. False
49%
Equatorial Guinea lies on the equator. False
48%
Saudi Arabia has a coastline on the Arabian Sea. False
46%
The geographic center of all 50 US states is in South Dakota. True
38%
No matching quizzes found
Score Distribution
Percent of People with Each Score
Percentile by Number Answered
Your Score History
You have not taken this quiz